000 00573nam a2200121Ia 4500
008 171212s9999 xx 000 0 und d
020 _a9780833049735
100 _aStearns Lawson, Brooke;Kelly, Terrence K.;Parker, Michelle;Colloton, Kimberly;Watkins, Jessica
245 _cStearns Lawson, Brooke;Kelly, Terrence K.;Parker, Michelle;Colloton, Kimberly;Watkins, Jessica
_aReconstruction Under Fire
_bCase Studies and Further Analysis of Civil Requirements
260 _bRAND Corporation
_c2010
650 _aPolitical Science
856 _uwww.jstor.org/stable/10.7249/mg870osd
999 _c352475
_d352475